Безконтактные синхронные электродвигатели унифицированной серии СДБ мощностью от 1,5 до 40 квт

Podrobná bibliografie
Hlavní autor: Ковалюк Л. А. Леонид Александрович
Korporativní autor: Академия наук Латвийской ССР (АН ЛатССР) Физико-энергетический институт (ФЭИ)
Další autoři: Куцевалов В. М. Виталий Михайлович
Shrnutí:Исключено из фонда НТБ ТПУ
Jazyk:ruština
Vydáno: Рига, Зинатне, 1973
Médium: MixedMaterials Kniha
KOHA link:https://koha.lib.tpu.ru/cgi-bin/koha/opac-detail.pl?biblionumber=191163

MARC

LEADER 00000nam0a2200000 4500
001 191163
005 20231031180556.0
035 |a (RuTPU)RU\TPU\book\208426 
090 |a 191163 
100 |a 20110202d1973 m y0rusy50 ca 
101 0 |a rus 
102 |a LV 
105 |a a z 001zy 
200 1 |a Безконтактные синхронные электродвигатели унифицированной серии СДБ мощностью от 1,5 до 40 квт  |f Л. А. Ковалюк, В. М. Куцевалов  |g Академия наук Латвийской ССР (АН ЛатССР), Физико-энергетический институт (ФЭИ) 
210 |a Рига  |c Зинатне  |d 1973 
215 |a 34 с.  |c ил. 
333 |a Исключено из фонда НТБ ТПУ 
700 1 |a Ковалюк  |b Л. А.  |g Леонид Александрович 
701 1 |a Куцевалов  |b В. М.  |g Виталий Михайлович 
712 0 2 |a Академия наук Латвийской ССР (АН ЛатССР)  |b Физико-энергетический институт (ФЭИ) 
801 1 |a RU  |b 63413507  |c 20110202 
801 2 |a RU  |b 63413507  |c 20220617  |g RCR 
942 |c BK